000 00613nam a22002297a 4500
003 UA-OsUOA
001 91740
007 ta
008 20121204b un ||||| |||| 00| 0 ukr d
100 _aХижняк А.
090 _a821.161.2
_bХ43
942 _cBK
040 _aUA-OsUOA
_brus
_cUA-OsUOA
_dUA-OsUOA
245 _aСквозь столетие
_bроман
300 _a399 с.
955 _a3
041 _arus
080 _a821.161.2
260 _aМ.
_bСоветский писатель
_c1989
650 7 _a82 Література. Літературознавство
_2UDC
999 _c378002
_d378002